000 00668nam a2200193Ia 4500
008 151121s9999||||xx |||||||||||||| ||und||
082 _a813/धुरी
082 _bHNW-46862
100 _aधुरी विरेन्द्र
245 _aचितेवरची फुले
260 _b"डिंपल पब्लिकेश्नस्, नौपाडा-ठाणे"
260 _c--
300 _a124
600 _aधुरी विरेन्द्र
630 _aचितेवरची फुले
700 _aधुरी विरेन्द्र
730 _aचितेवरची फुले
942 _cBOOK
999 _c1233231
_d1233228